[Event "North American-ch U20"]
[Site "Dulles"]
[Date "2023.12.20"]
[Round "3"]
[White "Jain, Vihaan1"]
[Black "Vivek, Dhruv"]
[Result "1-0"]
[WhiteElo "2059"]
[BlackElo "1685"]
[PlyCount "39"]
[EventDate "2023.12.19"]
[EventType "swiss"]
[EventRounds "9"]
[EventCountry "USA"]
[SourceTitle "CB52_2023"]
[SourceDate "2023.12.27"]
[SourceVersion "1"]
[SourceVersionDate "2023.12.27"]
[SourceQuality "1"]

1. e4 c5 2. Nf3 Nc6 3. d4 cxd4 4. Nxd4 Nf6 5. Nc3 e6 6. g3 Bb4 7. Bg2 0-0 8. 0-0 a6 9. Nxc6 bxc6 10. e5 Nd5 11. Nxd5 exd5 12. Qg4 Qe7 13. Bh6 Qxe5 14. Bxg7 Qxg7 15. Qxb4 a5 16. Qa3 Re8 17. Rfe1 Qf8 18. Re3 Re7 19. Rxe7 Qe8 20. Rxe8+ 1-0